Advances in school psychology, V 1 (Record no. 1375941)

MARC details
000 -LEADER
fixed length control field 00564nam a2200193Ia 4500
005 - DATE AND TIME OF LATEST TRANSACTION
control field 20250508162335.0
008 - FIXED-LENGTH DATA ELEMENTS--GENERAL INFORMATION
fixed length control field 008 250505s9999 xx 000 0 eng d
037 ## - SOURCE OF ACQUISITION
Stock number Textual
040 ## - CATALOGING SOURCE
Original cataloging agency FEDL
Language of cataloging eng
Transcribing agency FEDL
041 ## - LANGUAGE CODE
Language code of text/sound track or separate title eng
Source of code eng
084 ## - COLON CLASSIFICATION NUMBER
Classification number 370.15, ADV
Assigning agency FEDL
100 ## - MAIN ENTRY--PERSONAL NAME
Personal name Kratocheill Thomas R Ed.
9 (RLIN) 772915
245 #0 - TITLE STATEMENT
Title Advances in school psychology, V 1
260 ## - PUBLICATION, DISTRIBUTION, ETC.
Place of publication, distribution, etc. Hillsdale
Name of publisher, distributor, etc. Lawrence Erlbaum Associates
Date of publication, distribution, etc. 1981
300 ## - PHYSICAL DESCRIPTION
Extent xvii,344p
650 ## - SUBJECT ADDED ENTRY--TOPICAL TERM
Topical term or geographic name entry element Education - Psychology
942 ## - ADDED ENTRY ELEMENTS (KOHA)
Koha item type Textual
Classification part 370.15, ADV
Holdings
Withdrawn status Lost status Damaged status Not for loan Home library Current library Date acquired Total Checkouts Full call number Barcode Date last seen Price effective from Koha item type
        Department of Education Library Department of Education Library 2025-05-08   370.15, ADV EL0066401 2025-05-08 2025-05-08 Textual
Copyright @ Delhi University Library System